Port-Said : architectures XIXe-XIXe siècles /

محفوظ في:

المؤلف الرئيسي: Crosnier Leconte, Marie-Laure (مؤلف)

مؤلفون آخرون: Ghīṭānī, Jamāl., Amin, Naguib., Collet, Raymond., Du Boistesselin, Arnaud.

التنسيق: كتاب

اللغة: French
Arabic

منشور في: Cairo : Institut français d'archéologie orientale, 2006.

سلاسل: Bibliothèque générale, 26.

الموضوعات:

الوسوم: إضافة وسم

لا توجد وسوم, كن أول من يضع وسما على هذه التسجيلة!

رقم الطلب: DT154 .P7 2006

LEADER 01567namaa2200373 4500
001 14238
003 OSt
005 20250805081040.0
008 130303s2006 ua ab b 000 0 fre d
010 |a 2006308773 
020 |a 2724704258 
040 |c ARCE Library 
041 1 |a fre  |a ara  |h fre 
043 |a f-ua--- 
050 4 |a DT154 .P7 2006 
100 1 |a Crosnier Leconte, Marie-Laure,  |e author  |9 28445 
245 1 0 |a Port-Said :  |b architectures XIXe-XIXe siècles /  |c textes Marie-Laure Cronsnier-Leconte, Gamal Ghitani, Naguib Amin ; photographies Raymond Collet, Arnaud du Boistesselin = Būr Saʻīd : ʻimārat al-qarn al-tāsiʻ ʻashar wa-al-qarn al-ʻishrīn / taʾlīf Mārī-Lūr Krūnīyīh-Lūkūnt, Jamāl al-Ghīṭānī, Najīb Amīn. 
246 3 1 |a Būr Saʻīd. 
264 1 |a Cairo :  |b Institut français d'archéologie orientale,  |c 2006. 
300 |a 335 pages :  |b illustration (some color), maps (some color) ;  |c 16 cm. 
490 1 |a Bibliothèque générale,  |x 1110-2470 ;   |v 26. 
504 |a Includes bibliographical references (p. 335). 
546 |a French and Arabic. 
650 0 |a Architecture  |z Egypt  |z Port Said  |x History  |y 19th century. 
650 0 |a Architecture  |z Egypt  |z Port Said  |x History  |y 20th century. 
651 0 |a Port Said (Egypt)  |x Description and travel. 
700 1 |a Ghīṭānī, Jamāl.  |9 30710 
700 1 |a Amin, Naguib. 
700 1 |a Collet, Raymond.   |9 28206 
700 1 |a Du Boistesselin, Arnaud. 
830 0 |a Bibliothèque générale,  |x 1110-2470 ;   |v 26. 
901 |a reviewed 
942 |c BK  |2 lcc 
999 |c 15018  |d 15018